000 00444nam a22001577a 4500
003 OSt
005 20221026185752.0
008 221021b |||||||| |||| 00| 0 eng d
040 _cBiblioteca LadoV
082 _a700.74
_bB516b
110 _9201
_aBermuda National Gallery
_eautor
245 _aBiennal 2008/
260 _aBermudas
_bBacardi Limited
_c2008
300 _a108p.
_c21x26cm
942 _2ddc
_c1
_h700.74
_iB516b
_n0
999 _c2351
_d2351